| 000 | 00816nam a2200229 i 4500 | ||
|---|---|---|---|
| 001 | 99054 | ||
| 003 | ES-MaACL | ||
| 005 | 20240228150951.0 | ||
| 007 | t| | ||
| 008 | 051111s1976 sp ||||1| spa d | ||
| 020 | _a84-248-0309-4 | ||
| 080 | _a946.0"1872/76" | ||
| 080 | _a946.11.1 B."1874" | ||
| 100 | 1 |
_aRuiz de Azúa, Estíbaliz. _9100729 |
|
| 245 | 1 | 3 |
_aEl sitio de Bilbao en 1874 _b: estudio del comportamiento social de una ciudad en guerra / _cpor María Estíbaliz Ruiz de Azua y Martínez de Ezquerecocha. |
| 260 |
_aBilbao : _bLa Gran Enciclopedia Vasca, _c1976. |
||
| 300 |
_a322 p. : _bil. ; _c23 cm. |
||
| 651 | 0 |
_aEspaña- _xHistoria- _y1872-1876, Guerra carlista _9179965 |
|
| 651 | 4 |
_aBilbao- _xHistoria- _y1873-1874. _97882 |
|
| 852 |
_aES-MaACL _jG-13290 _bR.136583 |
||
| 999 |
_c99054 _d99054 |
||